Datum a čas kvízu
23.5
Celkem bodů
Celkový počet nahraných bodů na tomto kvízu bez doplňovacích otázek.
9.
Pořadí na kvízu
Konečné umístění týmu na tomto kvízu.
Zaznamenané odpovědi
| # | Otázka | Odpověď | Body | Výsledky |
|---|---|---|---|---|
| 1. | Jedna oblíbená česká služba do... | Dáme jídlo | 1 | |
| 2. | Fotografie státní tajemnice pr... | Francie | 0 | |
| 3. | Jeden český umělec se v ponděl... | Michal Hrůza | 1 | |
| 4. | Jak se nazývá menší banka patř... | Hello bank! | 1 | |
| 5. | Český sport slaví diplomatický... | Petr Fousek | 0 | |
| 6. | Podstatou biotechnologií je vy... | 2 (1928), Alexander Fleming | 0.5 | |
| 7. | Kontroverzní americká společno... | Roundup | 0 | |
| 8. | „Miliardy spojenců lactobacill... | Actimel | 1 | |
| 9. | Využití mikroorganismů k získá... | kombucha | 0 | |
| 10. | Biotechnologické téma zakončí... | C | 1 |